مكتبة جامعة عجلون الوطنية

فهرس بحث المكتبة

علم الأحياء المجهرية التشخيصي / (Record no. 33195)

MARC details
000 -LEADER
fixed length control field 00825nam a22002177a 4500
003 - CONTROL NUMBER IDENTIFIER
control field JO-AjAnu
005 - DATE AND TIME OF LATEST TRANSACTION
control field 20231129115947.0
008 - FIXED-LENGTH DATA ELEMENTS--GENERAL INFORMATION
fixed length control field 231129b jo ||||| |||| 00| 0 ara d
020 ## - INTERNATIONAL STANDARD BOOK NUMBER
International Standard Book Number 9789923190296
040 ## - CATALOGING SOURCE
Original cataloging agency JO-AjAnu
Language of cataloging ara
Transcribing agency JO-AjAnu
Modifying agency JO-AjAnu
041 #0 - LANGUAGE CODE
Language code of text/sound track or separate title ara
Language code of original ara
050 ## - LIBRARY OF CONGRESS CALL NUMBER
Classification number QR41.2
Item number 2020
100 #1 - MAIN ENTRY--PERSONAL NAME
Personal name شناوة،ابراهيم محمد سعيد
9 (RLIN) 64541
Relator term مؤلف
245 #0 - TITLE STATEMENT
Title علم الأحياء المجهرية التشخيصي /
Statement of responsibility, etc. ابراهيم محمد سعيد شناوة
250 ## - EDITION STATEMENT
Edition statement الطبعة الاولى
260 ## - PUBLICATION, DISTRIBUTION, ETC.
Place of publication, distribution, etc. عمان، بغداد :
Name of publisher, distributor, etc. دار الوضاح للنشر، مكتبة دجلة،
Date of publication, distribution, etc. 2020
300 ## - PHYSICAL DESCRIPTION
Extent 208 صفحة
500 ## - GENERAL NOTE
General note يحتوي على مصطلحات
650 40 - SUBJECT ADDED ENTRY--TOPICAL TERM
Topical term or geographic name entry element الاحياء الدقيقة
9 (RLIN) 64542
Form subdivision الاحياء الدقيقة
942 ## - ADDED ENTRY ELEMENTS (KOHA)
Source of classification or shelving scheme Library of Congress Classification
Koha item type Books
Suppress in OPAC No
Holdings
Withdrawn status Lost status Source of classification or shelving scheme Damaged status Not for loan Home library Current library Date acquired Total Checkouts Full call number Barcode Date last seen Price effective from Koha item type
    Library of Congress Classification     مكتبة جامعة عجلون الوطنية مكتبة جامعة عجلون الوطنية 29/11/2023   QR41.2 2020 A29631 29/11/2023 29/11/2023 Books
    Library of Congress Classification     مكتبة جامعة عجلون الوطنية مكتبة جامعة عجلون الوطنية 29/11/2023   QR41.2 2020 A29630 29/11/2023 29/11/2023 Books